|
|
|
|
| LEADER |
00000caa a2200000 c 4500 |
| 001 |
1621714837 |
| 003 |
DE-627 |
| 005 |
20220606121633.0 |
| 007 |
tu |
| 008 |
080122s2008 xx ||||| 00| ||ger c |
| 035 |
|
|
|a (DE-627)1621714837
|
| 035 |
|
|
|a (DE-576)276485831
|
| 035 |
|
|
|a (DE-599)BSZ276485831
|
| 040 |
|
|
|a DE-627
|b ger
|c DE-627
|e rakwb
|
| 041 |
|
|
|a ger
|
| 100 |
1 |
|
|a Flaßpöhler, Svenja
|d 1975-
|0 (DE-588)132904063
|0 (DE-627)528410180
|0 (DE-576)264097653
|4 aut
|
| 109 |
|
|
|a Flaßpöhler, Svenja 1975-
|a Si wen ya Fu la si po lei 1975-
|a Seu be nya Peul la seu poel leo ji 1975-
|a Seubenya-Peullaseupoelleoji 1975-
|a Siwenya-Fulasipolei 1975-
|a Peullaseupoelleoji, Seubenya 1975-
|a P'ŭllasŭp'oellŏ, Sŭbenya 1975-
|a Fulasipolei, Siwenya 1975-
|
| 245 |
1 |
4 |
|a Die Freitodhilfe - ein humaner Akt?
|c Svenja Flaßpöhler
|
| 264 |
|
1 |
|c 2008
|
| 336 |
|
|
|a Text
|b txt
|2 rdacontent
|
| 337 |
|
|
|a ohne Hilfsmittel zu benutzen
|b n
|2 rdamedia
|
| 338 |
|
|
|a Band
|b nc
|2 rdacarrier
|
| 773 |
0 |
8 |
|i In
|t Aus Politik und Zeitgeschichte
|d Bonn : Bundeszentrale für Politische Bildung, 1953
|g 58(2008), 4, Seite 32-38
|w (DE-627)12930347X
|w (DE-600)123630-1
|w (DE-576)014497662
|x 0479-611X
|7 nnas
|
| 773 |
1 |
8 |
|g volume:58
|g year:2008
|g number:4
|g pages:32-38
|
| 935 |
|
|
|a mkri
|
| 951 |
|
|
|a AR
|
| ELC |
|
|
|b 1
|
| LOK |
|
|
|0 000 xxxxxcx a22 zn 4500
|
| LOK |
|
|
|0 001 3241882659
|
| LOK |
|
|
|0 003 DE-627
|
| LOK |
|
|
|0 004 1621714837
|
| LOK |
|
|
|0 005 20250404093301
|
| LOK |
|
|
|0 008 160208||||||||||||||||ger|||||||
|
| LOK |
|
|
|0 040
|a DE-21-110
|c DE-627
|d DE-21-110
|
| LOK |
|
|
|0 689
|a s
|a Sterbehilfe
|
| LOK |
|
|
|0 852
|a DE-21-110
|
| LOK |
|
|
|0 852 1
|m p
|9 00
|
| LOK |
|
|
|0 935
|a k110
|
| LOK |
|
|
|0 938
|k p
|
| LOK |
|
|
|0 939
|a 08-02-16
|b l01
|
| ORI |
|
|
|a SA-MARC-krimdoka001.raw
|